Największe europejskie miasta na literę W - Quiz z mapą - Statystyki

Ogólne statystyki
  • Ten quiz został rozwiązany 123 razy
  • Średni wynik to 10 z 20
Odpowiedzi na mapie
Odpowiedzi zakodowano w zielono-czerwonej skali na mapie do tego quizu, zgodnie z poniższymi procentami.
 
Statystyki odpowiedzi
Liczba
Ludności
Kraj Miasto % Poprawnych
1861599 Polska Warszawa
100%
674132 Polska Wrocław
99%
1982097 Austria Wiedeń
97%
602430 Litwa Wilno
93%
801545 Hiszpania Walencja
88%
252492 Włochy Wenecja
82%
349298 Bułgaria Warna
74%
255379 Włochy Werona
62%
364800 Białoruś Witebsk
52%
370063 Ukraina Winnica
41%
125961 Niemcy Wolfsburg
37%
358834 Niemcy Wuppertal
36%
234025 Wielka Brytania Wolverhampton
34%
128246 Niemcy Wurzburg
25%
285522 Niemcy Wiesbaden
21%
131325 Wielka Brytania Watford
20%
1058261 Rosja Woronież
17%
356937 Rosja Włodzimierz
12%
310302 Rosja Wołogda
10%
174970 Wielka Brytania Warrington
4%
Nie znaleziono quizów pasujących do podanych kryteriów
Rozkład punktacji
Procent ludzi z każdym wynikiem
Percentyl według liczby udzielonych odpowiedzi
Twoja historia wyników
Nie rozwiązałeś tego quizu